República Dominicana; Informe de investigación, preliminar

Spremljeno u:
Bibliografski detalji
Glavni autor: Quiterio, Gisela
Autor kompanije: Facultad Latinoamericana de Ciencias Sociales. Proyecto Mujer Latinoamericanas en Cifras
Format: Tekst
Izdano: Santo Domingo: FLACSO
Oznake: Dodaj oznaku
Bez oznaka, Budi prvi tko označuje ovaj zapis!

MARC

LEADER 00000 a a2200000 04500
001 23703
003
040
090 |a 165900  
100 |a Quiterio, Gisela  
110 |a Facultad Latinoamericana de Ciencias Sociales. Proyecto Mujer Latinoamericanas en Cifras  
245 |a República Dominicana; Informe de investigación, preliminar  
260 |a Santo Domingo:   |b FLACSO  
300 |a 85, 100 p.   |b **no definido**  
999 |c 15968  |d 15968